000 00411nam a2200181Ia 4500
003 0STCL
008 150530s9999 xx 000 0 und d
040 _aSTCL
_cSTCL
100 _aAtoor Krishna Pisharadi
245 _aBashasahityacharitham
250 _a1
260 _bB.V. Books; Trivandrum
_c1936
300 _a0
546 _aMalayalam
942 _2ddc
_cBK
999 _c81352
_d81352
005 20220125171800.0